000 00313nam a22001337a 4500
008 170602b xxu||||| |||| 00| 0 eng d
020 _a9780060416713
041 _aeng
080 _23 ED
_a94(7/8(
100 _a17
101 _aSHH
245 _aETHICS AMERICANS A HISTORY
_cDINNERTEIN.L
942 _2udc
_cBK
999 _c15774
_d15774